000 00737nam a2200205Ia 4500
003 GCL
008 140319s9999 xx 000 0 ara d
020 _a4557305977
040 _aGCL /
_cGCL
082 0 4 _a792.024
_bو م
100 1 _aوالن، جراهام
245 1 0 _aالمؤثرات المسرحية /
_cوالن، جراهام
260 _aالقاهرة :
_bوزارة الثقافة - مهرجان القاهرة الدولى للمسرح التجريبى ،
_c2003
300 _a301 ص ؛
_c24 سم
650 0 4 _aالمسرحية
650 0 4 _aالمسرح - اعداد
650 0 4 _aالمسرح - التاثيرات الصوتية
650 0 4 _aالمسرح - التاثيرات الضوئية
942 _2ddc
_cBK
999 _c32403
_d32403